Responses for Show #3222 - Tuesday, September 15, 1998

Contestants

[<< previous game]

Anne Lanctot, a graduate student from Littleton, Colorado

Bill McLean, an attorney from Woodstock, Georgia

Paul Murray, a theater teacher from Cambridge, Massachusetts (whose 1-day cash winnings total $8,001)

[next game >>]

Jeopardy! Round responses

TEDDY ROOSEVELT
IN THE CARDS
NURSERY RHYME HEADLINES
WACKY TV NEIGHBORS
BUSINESS MEN
YES, "N"DEEDY
    $100 30
the Rough Riders

Anne
    $100 11
52

Paul
    $100 1
blackbirds

Anne
    $100 6
Wilson

Paul
    $100 21
Motown Records

Anne
    $100 16
nude

Anne
    $200 29
a big stick

Paul
    $200 12
tarot cards

Paul
    $200 2
Little Bo Peep

Paul
    $200 7
The Jeffersons

Anne
    $200 22
Ted Turner

Bill
    $200 17
(Anne: What is a nocturnal?)

an ightcrawler

PaulAnne
    $300 28
William McKinley

Anne
    $300 13
a trump card

Paul
    $300 3
Jack Sprat & his wife

Paul
    $300 8
Caroline ("In The City")

Paul
    $300 23
Federal Express

Paul
    $300 18
(Paul: What is the womb?)
(Bill: What is the placenta?)

the nest

PaulBill
Triple Stumper
    $400 27
boxing

Paul
    $400 14
(Bill: What is 21?)

18

PaulBill
    $400 4
his bread

Paul
    $400 9
Lenny & Squiggy (from Laverne & Shirley)

Paul
    $400 24
La-Z-Boy

Bill
    $800 19
nausea

Paul
    $500 26
(Alex: Less than a minute to go.)

the Bull Moose Party

Anne
    $500 15
a baseball card

Anne
    $500 5
Gotham

Triple Stumper
    $500 10
Gladys Kravitz

Triple Stumper
    $500 25
Charles Goodyear

Paul
    $500 20
Nebuchadnezzar

Anne

Scores at the first commercial break (after clue 15):

Paul Bill Anne
$2,700 -$400 $800

Scores at the end of the Jeopardy! Round:

Paul Bill Anne
$4,800 -$100 $2,200

Double Jeopardy! Round responses

CAN'T QUITE PLACE YOU
WOMEN'S FIRSTS
THE THEATER
DEEP THINKERS
CRITTERS
WEBSTER'S THIRD, PAGE 1282
(Alex: These are definitions you will find in Webster's Third on that page. Do you happen to have it with you? I didn't think so. So you have no advantage!)
    $200 30
Yugoslavia

Bill
    $200 11
Katharine Hepburn

Anne
    $200 2
Guildenstern

Paul
    $200 1
Plato

Paul
    $200 16
a shark

Paul
    $200 21
lb.

Bill
    $400 29
South Africa

Paul
    $400 12
Billie Jean King

Anne
    $400 3
The Music Man

Paul
    $400 7
Friedrich Nietzsche

Paul
    $400 17
a water moccasin

Bill
    $400 22
lazy

Anne
    $600 28
Mexico

Paul
    $2,000 13
Boys Town

Anne
    $600 4
Sunset Boulevard

Anne
    $600 8
Edie Brickell

Paul
    $600 18
(Bill: What is queen's jelly?)
(Alex: [Looks toward judges] No.)

royal jelly

PaulBill
    $600 23
a lay-up

Paul
    $800 27
[Solidarity leader]

Poland (Lech Walesa)

Paul
    $800 14
Margaret Sanger

Paul
    $800 5
Brick

Paul
    $1,400 9
(Paul: What is Emile?)

The Social Contract

Paul
    $800 19
(Paul: What is the fish louse?)

the sand fly

PaulBill
    $800 24
(Alex: Less than a minute to go.)

blue

Anne
    $1000 26
(Anne: What is France?)

Spain

Anne
Triple Stumper
    $1000 15
the astronaut program

Paul
    $1000 6
Sidney Poitier

Anne
    $1000 10
Immanuel Kant

Anne
    $1000 20
(Paul: What is a gar?)

a gavial

Paul
Triple Stumper
    $1000 25
Lazarus

Paul

Scores at the end of the Double Jeopardy! Round:

Paul Bill Anne
$10,200 $900 $7,600

[wagering suggestions for these scores]

Final Jeopardy! Round responses

U.S. SENATORS
[Senator Campbell is from Colorado.]
BillWho Cleland
$900
AnneWho Ben Nighthorse-Campbell?
$5,500
PaulWho is Dan Quayle
$5,001
Ben Nighthorse Campbell (Cheyenne Indian)

Final scores:

Paul Bill Anne
$5,199 $0 $13,100
2nd place: Trip to Doubletree Resort, Walt Disney World Village, Florida 3rd place: JBL Harmony Stereo New champion: $13,100

Game dynamics:

Coryat scores:

Paul Bill Anne
$11,200 $900 $6,200
31 R
(including 1 DD),
4 W
(including 1 DD)
6 R,
3 W
17 R
(including 1 DD),
2 W

Combined Coryat: $18,300

[game clues] [game scores] [suggest correction]

Game tape date: 1998-07-15
The J! Archive is created by fans, for fans. Scraping, republication, monetization, and malicious use prohibited; this site may use cookies and collect identifying information. See terms. The Jeopardy! game show and all elements thereof, including but not limited to copyright and trademark thereto, are the property of Jeopardy Productions, Inc. and are protected under law. This website is not affiliated with, sponsored by, or operated by Jeopardy Productions, Inc. Join the discussion at JBoard.tv.